Southville International School and Colleges
Your cart is empty.
  • Cart
  • Lists
    Public lists Eva Luna New books Lux_list list_1
    Your lists Log in to create your own lists
  • Log in to your account
  • Your cookies
  • Search history
Southville International School and Colleges
  • Advanced search
  • Recent comments
  • Most popular
  • Libraries

Log in to your account

Log in with GOOGLE


If you do not have an external account, but do have a local account, you can still log in:

  1. Home
  2. MARC view: Tales from Edsa /
Normal view MARC view ISBD view

Tales from Edsa / (Record no. 276842)

[ view plain ]
MARC details
000 -LEADER
fixed length control field 00515nam a22001697a 4500
005 - DATE AND TIME OF LATEST TRANSACTION
control field 20141120102716.0
008 - FIXED-LENGTH DATA ELEMENTS--GENERAL INFORMATION
fixed length control field 141120b xxu||||| |||| 00| 0 eng d
020 ## - INTERNATIONAL STANDARD BOOK NUMBER
International Standard Book Number 9789712722141
050 ## - LIBRARY OF CONGRESS CALL NUMBER
Classification number DS 686.7
Item number .St11 2009
100 ## - MAIN ENTRY--PERSONAL NAME
Personal name Sta. Romana-Cruz, Neni.
245 ## - TITLE STATEMENT
Title Tales from Edsa /
Statement of responsibility, etc Neni Sta. Romana-Cruz.
260 ## - PUBLICATION, DISTRIBUTION, ETC. (IMPRINT)
Place of publication, distribution, etc Manila, Philippines :
Name of publisher, distributor, etc Anvil,
Date of publication, distribution, etc c2009.
300 ## - PHYSICAL DESCRIPTION
Extent 221 pages :
Dimensions 21 cm.
650 ## - SUBJECT ADDED ENTRY--TOPICAL TERM
Topical term or geographic name as entry element EDSA Revolution.
650 ## - SUBJECT ADDED ENTRY--TOPICAL TERM
Topical term or geographic name as entry element Philippines
General subdivision History
-- Revolution
-- 1986.
942 ## - ADDED ENTRY ELEMENTS (KOHA)
Source of classification or shelving scheme Library of Congress Classification
Koha item type Books
Call number prefix Filipininana
Holdings
Withdrawn status Lost status Source of classification or shelving scheme Damaged status Home library Current library Shelving location Date acquired Sub Shelving location Total Checkouts Full call number Barcode Date last seen Price effective from Koha item type
    Library of Congress Classification   College Library College Library Filipiniana Section 11/20/2014     DS 686.7 .St11 2009 C18961 05/08/2018 11/20/2014 Books

Tales from Edsa /

APA

Sta. Romana-Cruz N., . (2009). Tales from Edsa. Manila, Philippines: Anvil.

Chicago

Sta. Romana-Cruz Neni, . 2009. Tales from Edsa. Manila, Philippines: Anvil.

Harvard

Sta. Romana-Cruz N., . (2009). Tales from Edsa. Manila, Philippines: Anvil.

MLA

Sta. Romana-Cruz Neni, . Tales from Edsa. Manila, Philippines: Anvil. 2009.

  • Place hold
  • Print
  • Cite
  • Add to your cart (remove)
  • Save record
    BIBTEX Dublin Core MARCXML MARC (non-Unicode/MARC-8) MARC (Unicode/UTF-8) MARC (Unicode/UTF-8, Standard) MODS (XML) RIS
  • More searches
    Search for this title in:
    Other Libraries (WorldCat) Other Databases (Google Scholar) Online Stores (Bookfinder.com) Open Library (openlibrary.org)

Exporting to Dublin Core...

SOUTHVILLE LIBRARY

Southville International School and Colleges Library

1281 Tropical Ave. Cor. Luxembourg St., BF Homes International, Las Pinas City

Tel. No. 8256374 / 252358 Loc. 117/146

Powered by Koha